000 00656nam a2200229Ia 4500
003 OSt
005 20220924121713.0
006 a|||||r|||| 00| 0
007 ta
008 220923b |||||||| |||| 00| 0 urd d
024 _a258175
037 _cTextual
040 _aARTS
_cARTS
_burd
041 _2urd
_aurd
082 _aV2,1wI82,1, 168F4
100 _aMirza Naseeruddin Haidar Au.
_9186977
245 0 _aBabur nama
260 _aKarachi
_bBook land Pakistan
_c1924
650 _aINDIA - HISTORY - MUGHALS
_928757
942 _hV2,1wI82,1, 168F4
_cTEXL
_2CC
999 _c408684
_d408684